[Event "39. Rilton Cup 2009/2010"]
[Site "Stockholm SWE"]
[Date "2009.12.29"]
[Round "3.29"]
[White "Von Bahr, Oskar"]
[Black "Grochowalski, Pawel"]
[Result "1-0"]
[WhiteElo "2316"]
[BlackElo "2072"]
[PlyCount "155"]
[EventDate "2009.12.27"]
[EventType "swiss"]
[EventRounds "9"]
[EventCountry "SWE"]
[Source "lmi"]
[SourceDate "2009.12.27"]

1. e4 e5 2. Nf3 Nc6 3. Bb5 a6 4. Ba4 Nf6 5. O-O Be7 6. Re1 b5 7. Bb3 d6 8. c3
O-O 9. h3 Na5 10. Bc2 c5 11. d4 Nd7 12. Nbd2 exd4 13. cxd4 Nc6 14. d5 Nce5 15.
Nh2 Nb6 16. f4 Ng6 17. f5 Ne5 18. Ndf3 Bf6 19. Kh1 Nbc4 20. Rb1 Nxf3 21. Nxf3
Re8 22. Rf1 Ne5 23. Bf4 Ra7 24. Qd2 Nxf3 25. Rxf3 Bd4 26. b4 f6 27. Rg3 Be5 28.
a4 c4 29. Ra3 Bd7 30. Bxe5 Rxe5 31. Qd4 Rb7 32. a5 Be8 33. Rf1 Qa8 34. g4 Qa7
35. Qxa7 Rxa7 36. Kg2 Rc7 37. Kf3 g6 38. fxg6 Bxg6 39. Ke3 Kg7 40. Kd4 Rce7 41.
Rf4 h5 42. h4 hxg4 43. Rxg4 Kh6 44. Rag3 Bh7 45. Rf4 Rf7 46. Bd1 f5 47. Bc2 Rg7
48. Rxg7 Kxg7 49. exf5 Kf6 50. Rf2 Bxf5 51. h5 Kg5 52. Bxf5 Rxf5 53. Re2 Rf4+
54. Kc3 Rf3+ 55. Kc2 Kxh5 56. Re6 Rf2+ 57. Kc3 Rf3+ 58. Kd4 Rd3+ 59. Ke4 Rb3
60. Rxd6 Rxb4 61. Rxa6 c3+ 62. Kd3 Rc4 63. Rc6 Ra4 64. d6 b4 65. d7 Ra2 66. Kc4
Rd2 67. Kxb4 Rxd7 68. Rxc3 Kg5 69. Kb5 Kf5 70. Kc6 Rd1 71. a6 Ra1 72. Kb7 Rb1+
73. Kc7 Ra1 74. Rc6 Ke5 75. Kb7 Kd5 76. Rb6 Kc5 77. a7 Ra2 78. Rb1 1-0

[Event "39. Rilton Cup 2009/2010"]
[Site "Stockholm SWE"]
[Date "2009.12.29"]
[Round "3.30"]
[White "Vovk, Oksana"]
[Black "Glimbrant, Torbjorn"]
[Result "1/2-1/2"]
[WhiteElo "2145"]
[BlackElo "2263"]
[PlyCount "111"]
[EventDate "2009.12.27"]
[EventType "swiss"]
[EventRounds "9"]
[EventCountry "SWE"]
[Source "lmi"]
[SourceDate "2009.12.27"]

1. d4 Nf6 2. c4 e6 3. Nf3 Bb4+ 4. Bd2 Qe7 5. e3 Bxd2+ 6. Qxd2 d5 7. Nc3 O-O 8.
Rc1 c6 9. Bd3 Nbd7 10. O-O dxc4 11. Bxc4 e5 12. d5 e4 13. d6 Qe8 14. Nd4 Qe5
15. Nde2 Nb6 16. Bb3 Be6 17. Bxe6 Qxe6 18. Qc2 Rad8 19. Ng3 Rfe8 20. Rfd1 Nbd5
21. Qa4 a6 22. Rd4 Nxc3 23. bxc3 Rxd6 24. Rcd1 Red8 25. Nf5 Rxd4 26. Rxd4 Rxd4
27. Qxd4 h6 28. g4 Qd7 29. Nxh6+ gxh6 30. Qxf6 Qd1+ 31. Kg2 Qxg4+ 32. Kf1 Qd1+
33. Kg2 Qg4+ 34. Kf1 Qe6 35. Qd8+ Kg7 36. Qd4+ f6 37. Qb4 b5 38. Qa5 Kg6 39.
Kg2 c5 40. a3 Qg4+ 41. Kf1 Qd1+ 42. Kg2 Qg4+ 43. Kf1 Qd1+ 44. Kg2 Qd6 45. h3
Kf7 46. a4 Qc6 47. axb5 axb5 48. Qa7+ Ke6 49. Qa2+ c4 50. Qe2 Qd5 51. Qg4+ Kf7
52. Qc8 Qg5+ 53. Kf1 Qe5 54. Qd7+ Kg6 55. Qg4+ Kf7 56. Qd7+ 1/2-1/2

[Event "39. Rilton Cup 2009/2010"]
[Site "Stockholm SWE"]
[Date "2009.12.29"]
[Round "3.31"]
[White "Janse, Love"]
[Black "Logdahl, Harald"]
[Result "1/2-1/2"]
[WhiteElo "2141"]
[BlackElo "2214"]
[PlyCount "119"]
[EventDate "2009.12.27"]
[EventType "swiss"]
[EventRounds "9"]
[EventCountry "SWE"]
[Source "lmi"]
[SourceDate "2009.12.27"]

1. e4 Nf6 2. Nc3 d5 3. e5 Ne4 4. Nce2 f6 5. d3 Ng5 6. Bxg5 fxg5 7. f4 e6 8.
fxg5 Qxg5 9. Nf3 Qe3 10. Qd2 Qxd2+ 11. Kxd2 c5 12. Nf4 g6 13. Ng5 Bh6 14. h4
O-O 15. g3 Nc6 16. Bh3 Bxg5 17. hxg5 Nxe5 18. Rhf1 Nc6 19. Nxe6 Re8 20. Rae1
Nd4 21. Rf6 Bxe6 22. Bxe6+ Nxe6 23. Rexe6 Rxe6 24. Rxe6 Rf8 25. d4 cxd4 26. Kd3
Rf5 27. Re8+ Kf7 28. Rb8 Rxg5 29. Rxb7+ Kg8 30. Kxd4 Rxg3 31. b4 h5 32. Rxa7
Rg4+ 33. Kc5 Rc4+ 34. Kxd5 Rxb4 35. c4 h4 36. Ra3 g5 37. c5 Rb2 38. c6 Rc2 39.
Kd6 Kf7 40. c7 Kg6 41. Kd7 Rd2+ 42. Kc6 Rc2+ 43. Kb7 Kf5 44. Rh3 Kg4 45. Rh2
Rc3 46. c8=Q+ Rxc8 47. Kxc8 h3 48. a4 Kh4 49. a5 g4 50. a6 g3 51. a7 g2 52.
a8=Q g1=Q 53. Qa2 Qc5+ 54. Kd7 Qd4+ 55. Kc6 Qc3+ 56. Kb5 Qd3+ 57. Kb4 Qd4+ 58.
Kb3 Qd5+ 59. Kc3 Qxa2 60. Rxa2 1/2-1/2

[Event "39. Rilton Cup 2009/2010"]
[Site "Stockholm SWE"]
[Date "2009.12.29"]
[Round "3.34"]
[White "Adahl, Mattias"]
[Black "Evertsson, Lennart"]
[Result "1-0"]
[WhiteElo "2133"]
[BlackElo "2159"]
[PlyCount "85"]
[EventDate "2009.12.27"]
[EventType "swiss"]
[EventRounds "9"]
[EventCountry "SWE"]
[Source "lmi"]
[SourceDate "2009.12.27"]

1. e4 c5 2. Nf3 e6 3. d4 cxd4 4. Nxd4 Qc7 5. Nb5 Qc6 6. Bd3 a6 7. N5c3 Nf6 8.
O-O d6 9. a4 b6 10. Bg5 Be7 11. e5 Bb7 12. f3 Qc5+ 13. Kh1 Qxe5 14. Qd2 Nbd7
15. Na3 d5 16. Bf4 Qh5 17. Ne2 h6 18. Rae1 Nh7 19. Ng3 Qh4 20. Nf5 Qf6 21. Bd6
Bd8 22. Bb4 Bc7 23. Be7 Qxb2 24. Rb1 Qxb1 25. Rxb1 exf5 26. Re1 Ne5 27. f4 Kxe7
28. fxe5 g6 29. Qb4+ Kd7 30. a5 b5 31. Bxb5+ axb5 32. Nxb5 Rhe8 33. Nxc7 Kxc7
34. Rb1 Reb8 35. Qd6+ Kc8 36. Rb5 Ra6 37. Rc5+ Rc6 38. Rxc6+ Bxc6 39. Qxc6+ Kd8
40. Qxd5+ Ke8 41. Qc6+ Kd8 42. Qd6+ Kc8 43. h4 1-0

[Event "39. Rilton Cup 2009/2010"]
[Site "Stockholm SWE"]
[Date "2009.12.30"]
[Round "4.2"]
[White "Ivanov, Sergey"]
[Black "Wojtaszek, Radoslaw"]
[Result "1/2-1/2"]
[WhiteElo "2530"]
[BlackElo "2637"]
[PlyCount "20"]
[EventDate "2009.12.27"]
[EventType "swiss"]
[EventRounds "9"]
[EventCountry "SWE"]
[Source "lmi"]
[SourceDate "2009.12.27"]

1. d4 Nf6 2. Nf3 d5 3. g3 c6 4. Bg2 Bf5 5. O-O e6 6. c4 Nbd7 7. b3 h6 8. Nc3
Bd6 9. Bb2 O-O 10. Nd2 Be7 1/2-1/2

[Event "39. Rilton Cup 2009/2010"]
[Site "Stockholm SWE"]
[Date "2009.12.30"]
[Round "4.3"]
[White "Popov, Valerij"]
[Black "Richter, Michael"]
[Result "0-1"]
[WhiteElo "2588"]
[BlackElo "2412"]
[PlyCount "82"]
[EventDate "2009.12.27"]
[EventType "swiss"]
[EventRounds "9"]
[EventCountry "SWE"]
[Source "lmi"]
[SourceDate "2009.12.27"]

1. c4 e6 2. g3 d5 3. Bg2 dxc4 4. Qa4+ Bd7 5. Qxc4 Bc6 6. Nf3 Nf6 7. O-O Be7 8.
Nc3 O-O 9. d4 Nbd7 10. Rd1 Nb6 11. Qd3 Na4 12. Qc2 Nxc3 13. Qxc3 Qd5 14. Bf4
Qh5 15. Qc2 Bd6 16. Qd2 Ne4 17. Qe3 Nf6 18. Ne5 Bxg2 19. Kxg2 g5 20. Bxg5 Nd5
21. Qd2 Bb4 22. Qc1 f6 23. e4 fxe5 24. exd5 Qf3+ 25. Kh3 Qf5+ 26. Kg2 Qxf2+ 27.
Kh1 Qf3+ 28. Kg1 Qxd5 29. Bh6 exd4 30. Bxf8 Rxf8 31. Rd3 Qe4 32. Qg5+ Kh8 33.
Rad1 Be1 34. h4 Bf2+ 35. Kh2 Be3 36. Rxe3 Qxe3 37. Qxe3 dxe3 38. Re1 Rf2+ 39.
Kg1 Rxb2 40. Rxe3 Rxa2 41. Rxe6 Rc2 0-1

[Event "39. Rilton Cup 2009/2010"]
[Site "Stockholm SWE"]
[Date "2009.12.30"]
[Round "4.4"]
[White "Miezis, Normunds"]
[Black "Ulibin, Mikhail"]
[Result "1-0"]
[WhiteElo "2530"]
[BlackElo "2548"]
[PlyCount "103"]
[EventDate "2009.12.27"]
[EventType "swiss"]
[EventRounds "9"]
[EventCountry "SWE"]
[Source "lmi"]
[SourceDate "2009.12.27"]

1. c4 c5 2. Nc3 Nf6 3. e4 Nc6 4. f4 d6 5. Nf3 g6 6. d3 Bg7 7. Be2 O-O 8. O-O
Bg4 9. Kh1 Rb8 10. Qe1 Bxf3 11. Bxf3 Nd4 12. Bd1 Nd7 13. Rb1 a6 14. a3 b5 15.
cxb5 axb5 16. b4 e6 17. Bb2 Qb6 18. Qg3 cxb4 19. axb4 Rbc8 20. f5 Be5 21. Qh3
Nf6 22. g4 gxf5 23. gxf5 Kh8 24. Ne2 Nxe2 25. Bxe5 dxe5 26. Bxe2 Qd6 27. Rf2
exf5 28. Rxf5 Ng8 29. Rh5 h6 30. Rg1 Rc6 31. Qg3 Qg6 32. Qxe5+ Qf6 33. Qg3 Qb2
34. Qe3 Rg6 35. Rxb5 Rxg1+ 36. Kxg1 Rc8 37. Kf2 Rc2 38. Rc5 Rd2 39. Rf5 Kg7 40.
Qg3+ Kf8 41. Qd6+ Kg7 42. Qe5+ Nf6 43. Qxb2 Rxb2 44. Rb5 Ne8 45. Rb6 h5 46. h3
h4 47. Ke3 Nf6 48. Rb7 Nh7 49. Bg4 Rg2 50. d4 Rg3+ 51. Kf4 Nf6 52. Be6 1-0

[Event "39. Rilton Cup 2009/2010"]
[Site "Stockholm SWE"]
[Date "2009.12.30"]
[Round "4.5"]
[White "Akesson, Ralf"]
[Black "Shimanov, Aleksandr"]
[Result "0-1"]
[WhiteElo "2454"]
[BlackElo "2535"]
[PlyCount "88"]
[EventDate "2009.12.27"]
[EventType "swiss"]
[EventRounds "9"]
[EventCountry "SWE"]
[Source "lmi"]
[SourceDate "2009.12.27"]

1. d4 Nf6 2. c4 g6 3. Nc3 Bg7 4. e4 d6 5. Be2 O-O 6. Nf3 e5 7. Be3 Ng4 8. Bg5
f6 9. Bh4 g5 10. Bg3 Nh6 11. d5 Nd7 12. Nd2 f5 13. exf5 Nf6 14. Nde4 Nxe4 15.
Nxe4 Bxf5 16. Bd3 g4 17. Qe2 Kh8 18. O-O Qe7 19. Rae1 Ng8 20. Nd2 Bd7 21. f4
gxf3 22. Nxf3 Rae8 23. Qc2 Bh6 24. Nd2 Qg7 25. Ne4 Ne7 26. Nc3 Ng6 27. Rxf8+
Rxf8 28. c5 Nf4 29. cxd6 cxd6 30. Be4 Bg5 31. Kh1 h5 32. Ne2 Nxe2 33. Qxe2 Bg4
34. Bf3 Bxf3 35. gxf3 Qf7 36. Rg1 Bh6 37. Qe4 Qxf3+ 38. Qxf3 Rxf3 39. Bh4 Be3
40. Rd1 Kg7 41. Kg2 Rf4 42. Be1 Kg6 43. Rd3 Rg4+ 44. Kf1 Bd4 0-1

[Event "39. Rilton Cup 2009/2010"]
[Site "Stockholm SWE"]
[Date "2009.12.30"]
[Round "4.6"]
[White "Lysyj, Igor"]
[Black "Gavrilov, Alexei"]
[Result "1-0"]
[WhiteElo "2609"]
[BlackElo "2481"]
[PlyCount "131"]
[EventDate "2009.12.27"]
[EventType "swiss"]
[EventRounds "9"]
[EventCountry "SWE"]
[Source "lmi"]
[SourceDate "2009.12.27"]

1. d4 Nf6 2. c4 e6 3. Nf3 b6 4. g3 Bb7 5. Bg2 c6 6. O-O Be7 7. Nc3 d5 8. Nd2
O-O 9. e4 Na6 10. e5 Nd7 11. cxd5 cxd5 12. f4 f5 13. exf6 Nxf6 14. Re1 Nc7 15.
a3 Qd6 16. Nf3 Rad8 17. Bd2 a5 18. Rc1 Ne4 19. Ne5 Nxc3 20. Bxc3 Nb5 21. Bf1
Nc7 22. Bh3 Rf6 23. Bd2 Rc8 24. Qb3 Ra8 25. Qa4 b5 26. Qc2 Ne8 27. Qc5 Qxc5 28.
dxc5 Nc7 29. Be3 Ra6 30. Bf1 a4 31. Nd3 Rf8 32. Bd4 Bf6 33. Be5 Bxe5 34. Rxe5
Bc8 35. Nb4 Ra8 36. Kf2 Bd7 37. Bh3 g6 38. Ke3 Kg7 39. Bg4 Rab8 40. h4 Rf6 41.
Nxd5 Nxd5+ 42. Rxd5 exd5 43. Bxd7 d4+ 44. Kd3 Rb7 45. c6 Rc7 46. Rc5 Kf7 47.
Rxb5 Ke7 48. Ra5 Rxd7 49. cxd7 Rb6 50. Rxa4 Rxb2 51. Rxd4 Kd8 52. Ke4 Rb6 53.
Rd3 h5 54. Ke5 Ra6 55. f5 gxf5 56. Kxf5 Ra5+ 57. Kg6 Rc5 58. a4 Ra5 59. Rf3
Kxd7 60. Rf5 Rxa4 61. Kxh5 Ke6 62. Rf1 Ra8 63. Kg4 Rg8+ 64. Kh3 Ra8 65. h5 Ra7
66. Kh4 1-0

[Event "39. Rilton Cup 2009/2010"]
[Site "Stockholm SWE"]
[Date "2009.12.30"]
[Round "4.7"]
[White "Yuneev, Alexey"]
[Black "Hammer, Jon Ludvig"]
[Result "1-0"]
[WhiteElo "2428"]
[BlackElo "2588"]
[PlyCount "85"]
[EventDate "2009.12.27"]
[EventType "swiss"]
[EventRounds "9"]
[EventCountry "SWE"]
[Source "lmi"]
[SourceDate "2009.12.27"]

1. e4 e5 2. Nf3 Nc6 3. Bb5 a6 4. Ba4 Nf6 5. Qe2 Be7 6. c3 b5 7. Bb3 O-O 8. d4
d6 9. h3 exd4 10. cxd4 d5 11. e5 Ne4 12. O-O Bf5 13. Bd2 Qd7 14. Rc1 Nd8 15.
Nc3 Nxc3 16. Rxc3 c5 17. dxc5 d4 18. Rcc1 Rc8 19. Ne1 Bxc5 20. Nd3 Nb7 21. Re1
Rfe8 22. Qf3 Bxd3 23. Qxd3 Bf8 24. Bc3 Rcd8 25. Rad1 Nc5 26. Qxd4 Qxd4 27. Rxd4
Nxb3 28. axb3 b4 29. Rxb4 Bxb4 30. Bxb4 Rb8 31. Bc3 Rxb3 32. Rd1 Rb6 33. Rd7
Ra8 34. f4 Rc6 35. f5 h5 36. e6 f6 37. g4 hxg4 38. hxg4 Rc4 39. Bd4 Rc2 40. g5
Rd2 41. gxf6 Rc8 42. f7+ Kh7 43. Bc3 1-0

[Event "39. Rilton Cup 2009/2010"]
[Site "Stockholm SWE"]
[Date "2009.12.30"]
[Round "4.8"]
[White "Ponkratov, Pavel"]
[Black "Semcesen, Daniel"]
[Result "1-0"]
[WhiteElo "2575"]
[BlackElo "2460"]
[PlyCount "59"]
[EventDate "2009.12.27"]
[EventType "swiss"]
[EventRounds "9"]
[EventCountry "SWE"]
[Source "lmi"]
[SourceDate "2009.12.27"]

1. d4 d5 2. c4 c6 3. Nf3 Nf6 4. e3 Bg4 5. h3 Bxf3 6. Qxf3 e6 7. Bd3 Bb4+ 8. Nc3
Nbd7 9. O-O O-O 10. a3 Bxc3 11. bxc3 e5 12. Qd1 e4 13. Be2 Nb6 14. c5 Nbd7 15.
c4 Re8 16. Bd2 Re6 17. Qb3 b6 18. cxb6 axb6 19. Rfc1 g6 20. Rc2 Qb8 21. cxd5
Nxd5 22. Bg4 Qd6 23. Bxe6 Qxe6 24. Rac1 Nb8 25. a4 h5 26. a5 b5 27. Rc5 Ra6 28.
Rxd5 cxd5 29. Qxb5 Nd7 30. Rc7 1-0

[Event "39. Rilton Cup 2009/2010"]
[Site "Stockholm SWE"]
[Date "2009.12.30"]
[Round "4.9"]
[White "Gleizerov, Evgeny"]
[Black "Gorovykh, Eduard"]
[Result "1-0"]
[WhiteElo "2566"]
[BlackElo "2410"]
[PlyCount "73"]
[EventDate "2009.12.27"]
[EventType "swiss"]
[EventRounds "9"]
[EventCountry "SWE"]
[Source "lmi"]
[SourceDate "2009.12.27"]

1. d4 Nf6 2. c4 g6 3. Nc3 Bg7 4. e4 d6 5. Nf3 O-O 6. Be2 e5 7. O-O Nc6 8. d5
Ne7 9. Nd2 c5 10. dxc6 bxc6 11. Nb3 Qc7 12. f4 Rd8 13. fxe5 dxe5 14. Qe1 h6 15.
Be3 g5 16. h4 g4 17. Qf2 Ng6 18. g3 Nf8 19. Rad1 Rxd1 20. Rxd1 Ne6 21. Kh2 h5
22. c5 Bb7 23. Bc4 Rd8 24. Rxd8+ Nxd8 25. Bg5 Qe7 26. Na5 Bc8 27. Nxc6 Nxc6 28.
Nd5 Qb7 29. Bxf6 Nd4 30. c6 Nxc6 31. Bxg7 Kxg7 32. Qf6+ Kh7 33. b3 Nd4 34. Ne7
Nf3+ 35. Kh1 Ng5 36. Bd5 Qb4 37. hxg5 1-0

[Event "39. Rilton Cup 2009/2010"]
[Site "Stockholm SWE"]
[Date "2009.12.30"]
[Round "4.10"]
[White "Cramling, Dan"]
[Black "Ionov, Sergey"]
[Result "1/2-1/2"]
[WhiteElo "2408"]
[BlackElo "2545"]
[PlyCount "39"]
[EventDate "2009.12.27"]
[EventType "swiss"]
[EventRounds "9"]
[EventCountry "SWE"]
[Source "lmi"]
[SourceDate "2009.12.27"]

1. d4 Nf6 2. c4 e6 3. Nc3 Bb4 4. Bg5 c5 5. d5 d6 6. Nf3 Bxc3+ 7. bxc3 h6 8. Bh4
e5 9. Nd2 g5 10. Bg3 Bf5 11. f3 Nbd7 12. e4 Bg6 13. Qa4 Qc7 14. Bd3 a6 15. Bf2
Kf8 16. Nf1 Kg7 17. Qb3 g4 18. fxg4 Nxe4 19. Bxe4 Bxe4 20. Ne3 1/2-1/2

[Event "39. Rilton Cup 2009/2010"]
[Site "Stockholm SWE"]
[Date "2009.12.29"]
[Round "4.11"]
[White "Molchanova, Tatjana"]
[Black "Grandelius, Nils"]
[Result "1/2-1/2"]
[WhiteElo "2368"]
[BlackElo "2540"]
[PlyCount "155"]
[EventDate "2009.12.27"]
[EventType "swiss"]
[EventRounds "9"]
[EventCountry "SWE"]
[Source "lmi"]
[SourceDate "2009.12.27"]

1. Nf3 Nf6 2. c4 g6 3. Nc3 d5 4. Qa4+ Bd7 5. Qb3 dxc4 6. Qxc4 a6 7. d4 b5 8.
Qd3 c5 9. dxc5 Nc6 10. e4 Bg7 11. Be2 Qc7 12. O-O Nb4 13. Qb1 Qxc5 14. a3 Nc6
15. Be3 Qd6 16. Rd1 Qb8 17. Qc1 Ng4 18. Bf4 Qa7 19. Bg3 O-O 20. h3 Nge5 21.
Nxe5 Nxe5 22. a4 bxa4 23. Rd5 Nc6 24. Rxa4 Nd4 25. Ra3 Be6 26. Rda5 Nb3 27.
Rxb3 Bxb3 28. Rxa6 Qc5 29. Qd2 Rxa6 30. Bxa6 Qa5 31. Bb7 Rd8 32. Qe3 Qa1+ 33.
Kh2 Qxb2 34. Qb6 Rf8 35. Bd5 Qxc3 36. Qxb3 Qxb3 37. Bxb3 e5 38. f3 Rb8 39. Bd5
Rb2 40. h4 Kf8 41. h5 gxh5 42. Be1 Bh6 43. Bh4 Kg7 44. Be7 Bf4+ 45. Kh3 Rb1 46.
g3 Be3 47. Bd6 Bd4 48. f4 f6 49. fxe5 fxe5 50. Be7 Rb2 51. Be6 Bg1 52. Kh4 Rh2+
53. Kg5 Bd4 54. Bf6+ Kf8 55. Kh6 Rg2 56. Kxh7 Rxg3 57. Kh6 Rf3 58. Bf5 Kf7 59.
Bd8 Bc5 60. Kxh5 Be7 61. Bc7 Rf4 62. Bg6+ Ke6 63. Bf5+ Kf6 64. Ba5 Rxf5+ 65.
exf5 Kxf5 66. Bd2 e4 67. Be3 Bd8 68. Bc1 Bc7 69. Be3 Bg3 70. Bb6 Kf4 71. Kg6
Bh4 72. Ba7 Kg4 73. Bb6 Bg5 74. Bc5 Bf4 75. Kf6 Kf3 76. Kf5 Be3 77. Be7 Bb6 78.
Bg5 1/2-1/2

[Event "39. Rilton Cup 2009/2010"]
[Site "Stockholm SWE"]
[Date "2009.12.29"]
[Round "4.12"]
[White "Cramling, Pia"]
[Black "Berczes, Csaba"]
[Result "1-0"]
[WhiteElo "2525"]
[BlackElo "2379"]
[PlyCount "87"]
[EventDate "2009.12.27"]
[EventType "swiss"]
[EventRounds "9"]
[EventCountry "SWE"]
[Source "lmi"]
[SourceDate "2009.12.27"]

1. Nf3 Nf6 2. c4 e6 3. g3 b6 4. Bg2 Bb7 5. d4 d5 6. O-O Be7 7. cxd5 exd5 8. Nc3
O-O 9. Bf4 Na6 10. Rc1 Re8 11. Ne5 c5 12. dxc5 Nxc5 13. Nb5 Ne6 14. Be3 Bc5 15.
Nd4 Qd6 16. f4 Rac8 17. Qd3 Nxd4 18. Bxd4 Ba6 19. Bxc5 bxc5 20. Qd2 d4 21. Rfe1
c4 22. Red1 Red8 23. a3 d3 24. exd3 cxd3 25. Nc6 Re8 26. Qb4 Qxb4 27. axb4 Rc7
28. Rc5 Rb7 29. Ra5 Rb6 30. Ne5 Rd8 31. Bf1 Nd5 32. Bxd3 Bxd3 33. Rxd3 Rbd6 34.
Rxa7 Rf8 35. Ra5 Rfd8 36. Nc4 R6d7 37. Ne5 Rd6 38. Nc4 R6d7 39. Ne3 Nb6 40.
Rxd7 Nxd7 41. Rd5 Kf8 42. Nc4 Rc8 43. b3 Ke7 44. Rxd7+ 1-0

[Event "39. Rilton Cup 2009/2010"]
[Site "Stockholm SWE"]
[Date "2009.12.29"]
[Round "4.13"]
[White "Handke, Florian"]
[Black "Markevich, Ilya"]
[Result "1-0"]
[WhiteElo "2513"]
[BlackElo "2162"]
[PlyCount "69"]
[EventDate "2009.12.27"]
[EventType "swiss"]
[EventRounds "9"]
[EventCountry "SWE"]
[Source "lmi"]
[SourceDate "2009.12.27"]

1. e4 c5 2. Nf3 e6 3. d4 cxd4 4. Nxd4 a6 5. Nc3 Qc7 6. Bd3 Nf6 7. O-O Nc6 8.
Nb3 Be7 9. f4 d6 10. Qf3 O-O 11. Bd2 b5 12. Kh1 Bb7 13. Rae1 Rfe8 14. Qh3 Nd7
15. Nd5 Qd8 16. Nxe7+ Qxe7 17. Re3 Nf8 18. Rg3 f6 19. a3 Kh8 20. Na5 Nxa5 21.
Bxa5 e5 22. Qh5 exf4 23. Rxf4 Qe5 24. Rf5 Qe7 25. Bc3 Bxe4 26. Bxe4 Qxe4 27. h3
Rac8 28. Qf7 Ng6 29. Bxf6 Rg8 30. Rxg6 hxg6 31. Qxg6 Qxf5 32. Qxf5 gxf6 33.
Qxf6+ Rg7 34. Qh6+ Rh7 35. Qxd6 1-0

[Event "39. Rilton Cup 2009/2010"]
[Site "Stockholm SWE"]
[Date "2009.12.29"]
[Round "4.15"]
[White "Jacobsen, Bo"]
[Black "Karlsson, Lars"]
[Result "1-0"]
[WhiteElo "2306"]
[BlackElo "2491"]
[PlyCount "76"]
[EventDate "2009.12.27"]
[EventType "swiss"]
[EventRounds "9"]
[EventCountry "SWE"]
[Source "lmi"]
[SourceDate "2009.12.27"]

1. Nf3 d6 2. c4 e5 3. Nc3 f5 4. d4 e4 5. Ng5 h6 6. Nh3 g5 7. e3 Nf6 8. f3 exf3
9. gxf3 c5 10. d5 Qe7 11. f4 Bg7 12. Bg2 g4 13. Nf2 h5 14. Qd3 Na6 15. a3 h4
16. Bd2 Bd7 17. O-O-O O-O-O 18. Rhe1 g3 19. hxg3 hxg3 20. Nh1 Rh2 21. Rg1 Ng4
22. Rdf1 Rg8 23. Nd1 b5 24. Nxg3 bxc4 25. Nxf5 Qf8 26. Qxc4 Nc7 27. Nxg7 Bb5
28. Qb3 Bxf1 29. Bxf1 Rxg7 30. Bc3 Rg8 31. Bd3 Nh6 32. Rf1 Nf5 33. Qa4 Ne7 34.
e4 Qh6 35. Ba6+ Nxa6 36. Qxa6+ Kb8 37. Rf3 Rh1 38. Bg7 Rxd1+ 1-0

[Event "39. Rilton Cup 2009/2010"]
[Site "Stockholm SWE"]
[Date "2009.12.29"]
[Round "4.16"]
[White "De Verdier, Michael"]
[Black "Berczes, David"]
[Result "1/2-1/2"]
[WhiteElo "2270"]
[BlackElo "2512"]
[PlyCount "54"]
[EventDate "2009.12.27"]
[EventType "swiss"]
[EventRounds "9"]
[EventCountry "SWE"]
[Source "lmi"]
[SourceDate "2009.12.27"]

1. d4 Nf6 2. Nf3 e6 3. c4 b6 4. g3 Bb4+ 5. Bd2 Bxd2+ 6. Qxd2 Ba6 7. b3 O-O 8.
Bg2 c6 9. Qc2 d5 10. Nbd2 Nbd7 11. O-O c5 12. dxc5 bxc5 13. Rfd1 Qb6 14. e4
dxe4 15. Nxe4 Nxe4 16. Qxe4 Bb7 17. Qf4 Nf6 18. Ne5 Bxg2 19. Kxg2 a5 20. Rd3 a4
21. Rad1 axb3 22. axb3 h6 23. Qf3 Ra3 24. h4 Qb8 25. Qe3 Ra2 26. R1d2 Rxd2 27.
Rxd2 Qc7 1/2-1/2

[Event "39. Rilton Cup 2009/2010"]
[Site "Stockholm SWE"]
[Date "2009.12.30"]
[Round "4.17"]
[White "Pohjala, Henri"]
[Black "Brynell, Stellan"]
[Result "0-1"]
[WhiteElo "2153"]
[BlackElo "2472"]
[PlyCount "94"]
[EventDate "2009.12.27"]
[EventType "swiss"]
[EventRounds "9"]
[EventCountry "SWE"]
[Source "lmi"]
[SourceDate "2009.12.27"]

1. d4 e6 2. Nf3 Nf6 3. g3 d5 4. Bg2 Be7 5. O-O O-O 6. b3 c5 7. Bb2 Nc6 8. Nbd2
b6 9. c4 cxd4 10. cxd5 Nxd5 11. Nxd4 Nxd4 12. Bxd4 Ba6 13. Nc4 Rc8 14. Rc1 Qd7
15. Ne5 Qd6 16. Bb2 Rxc1 17. Qxc1 Rc8 18. Qd2 Qb4 19. Qxb4 Nxb4 20. a3 Rc2 21.
axb4 Rxb2 22. Ra1 Bxe2 23. Bf1 Bxb4 24. Bxe2 Rxe2 25. Nd3 Bc3 26. Rxa7 g5 27.
Rd7 Rd2 28. Ne5 Rxd7 29. Nxd7 Bd4 30. Kf1 f5 31. f3 Kf7 32. Nb8 g4 33. Nc6 Bc3
34. fxg4 fxg4 35. Ke2 Kf6 36. Kd3 Be1 37. Ke2 Bc3 38. Kd3 Be5 39. Ke4 Bd6 40.
b4 h5 41. Kd3 Kf5 42. Ke3 Bc7 43. Kd3 Be5 44. Ke3 Bf6 45. Na7 Ke5 46. Kd3 Kd5
47. Nc8 Bd8 0-1

[Event "39. Rilton Cup 2009/2010"]
[Site "Stockholm SWE"]
[Date "2009.12.29"]
[Round "4.18"]
[White "Bellon Lopez, Juan Manuel"]
[Black "Gagarin, Vasilij"]
[Result "1-0"]
[WhiteElo "2435"]
[BlackElo "2422"]
[PlyCount "59"]
[EventDate "2009.12.27"]
[EventType "swiss"]
[EventRounds "9"]
[EventCountry "SWE"]
[Source "lmi"]
[SourceDate "2009.12.27"]

1. d4 d5 2. Nf3 Nf6 3. c4 dxc4 4. e3 Bg4 5. Bxc4 e6 6. h3 Bh5 7. Nc3 Nbd7 8. g4
Bg6 9. Qb3 c5 10. h4 Be7 11. h5 Be4 12. Nxe4 Nxe4 13. d5 exd5 14. Bxd5 Nd6 15.
e4 c4 16. Qc3 Nf6 17. h6 gxh6 18. g5 hxg5 19. Bxg5 Rg8 20. Bxf6 Bxf6 21. e5 Bg7
22. Qb4 Qb6 23. Qxd6 Qxd6 24. exd6 Bxb2 25. Rd1 c3 26. Bxb7 Rb8 27. Bc6+ Kd8
28. Ba4 Rg7 29. Nd4 Rb6 30. Ke2 1-0

[Event "39. Rilton Cup 2009/2010"]
[Site "Stockholm SWE"]
[Date "2009.12.30"]
[Round "4.19"]
[White "Lindberg, Bengt"]
[Black "Nithander, Victor"]
[Result "1-0"]
[WhiteElo "2407"]
[BlackElo "2434"]
[PlyCount "127"]
[EventDate "2009.12.27"]
[EventType "swiss"]
[EventRounds "9"]
[EventCountry "SWE"]
[Source "lmi"]
[SourceDate "2009.12.27"]

1. e4 c5 2. Nf3 Nc6 3. d4 cxd4 4. Nxd4 Nf6 5. Nc3 e5 6. Ndb5 d6 7. Bg5 a6 8.
Na3 b5 9. Bxf6 gxf6 10. Nd5 Bg7 11. Bd3 Ne7 12. Nxe7 Qxe7 13. c4 f5 14. O-O O-O
15. Qh5 Rb8 16. exf5 e4 17. Rae1 Bb7 18. Qg4 Kh8 19. Bxe4 Bxb2 20. Re3 Bxe4 21.
Rxe4 Qf6 22. Nc2 bxc4 23. Rxc4 d5 24. Rb4 Rbd8 25. Rb1 Bc3 26. Rb6 Rd6 27. Rxd6
Qxd6 28. Ne3 Bg7 29. Qb4 Qxb4 30. Rxb4 d4 31. Nd1 Rc8 32. Kf1 Be5 33. Nb2 Rc1+
34. Ke2 Rc2+ 35. Kf3 f6 36. a4 Rd2 37. Rb3 Kg7 38. h4 Rc2 39. Nd3 Ra2 40. Rb7+
Kg8 41. Rb4 a5 42. Rc4 h5 43. g3 Kf7 44. Ke4 Bd6 45. Rxd4 Ke7 46. Kd5 Kd7 47.
Nc5+ Bxc5 48. Kxc5+ Kc7 49. Rf4 Rb2 50. f3 Rh2 51. Re4 Kd7 52. Re6 Rh3 53. Rxf6
Rxg3 54. Rh6 Rxf3 55. Rxh5 Rb3 56. Rh7+ Ke8 57. Ra7 Rf3 58. Rxa5 Rxf5+ 59. Kb6
Rf6+ 60. Kc7 Rf7+ 61. Kc8 Rf4 62. Re5+ Kf7 63. a5 Rxh4 64. a6 1-0

[Event "39. Rilton Cup 2009/2010"]
[Site "Stockholm SWE"]
[Date "2009.12.29"]
[Round "4.21"]
[White "Svensson, Leif"]
[Black "Von Bahr, Oskar"]
[Result "0-1"]
[WhiteElo "2195"]
[BlackElo "2316"]
[PlyCount "50"]
[EventDate "2009.12.27"]
[EventType "swiss"]
[EventRounds "9"]
[EventCountry "SWE"]
[Source "lmi"]
[SourceDate "2009.12.27"]

1. d4 Nf6 2. Nc3 d5 3. Bg5 Nbd7 4. Qd3 c5 5. dxc5 e6 6. O-O-O Bxc5 7. e4 d4 8.
Na4 b6 9. f4 Qc7 10. Be2 h6 11. Bxf6 Qxf4+ 12. Kb1 Qxf6 13. Rf1 Qg6 14. Nxc5
bxc5 15. Qh3 O-O 16. Bh5 Qg5 17. Nf3 Qe7 18. Qg3 Rb8 19. h4 Ba6 20. Rf2 Nf6 21.
Qe5 Qb7 22. b3 Nxe4 23. Ng5 Nxf2 24. Bxf7+ Rxf7 25. Nxf7 Nxh1 0-1